Los Mexicanos de los Estados Unidos y el movimento chicano/ por Joan W. Moore; tr. de Aurora Cortina de Nicolan. -- (Record no. 132456)

MARC details
000 -CABECERA
campo de control de longitud fija 00729nam a2200229 a 4500
005 - FECHA Y HORA DE LA ÚLTIMA TRANSACCIÓN
campo de control 20221110063649.0
008 - ELEMENTOS DE LONGITUD FIJA--INFORMACIÓN GENERAL
campo de control de longitud fija 080923s2000 mx r 000 0 spa d
035 ## - NÚMERO DE CONTROL DEL SISTEMA
Número de control de sistema UPN01000160342
049 ## - COLECCIÓN
Colección UNE
080 ## - NÚMERO DE CLASIFICACIÓN DECIMAL UNIVERSAL
Número de la Clasificación Decimal Universal 314.742 "1973" MOO.
100 1# - ASIENTO PRINCIPAL--NOMBRE PERSONAL
Nombre de persona Moore, Joan W.
245 14 - MENCIÓN DE TÍTULO
Título Los Mexicanos de los Estados Unidos y el movimento chicano/ por Joan W. Moore; tr. de Aurora Cortina de Nicolan. --
260 ## - PUBLICACIÓN, DISTRIBUCIÓN, ETC.
Lugar de publicación, distribución, etc. México : Fondo de Cultura Económica, 1973.
300 ## - DESCRIPCIÓN FÍSICA
Extensión 295 p.; 17 cm. fot. --
440 #0 - MENCIÓN DE SERIE/ASIENTO SECUNDARIO--TÍTULO
Título (Colección popular; 110)
690 ## - PUNTO DE ACCESO ADICIONAL DE MATERIA LOCAL--TÉRMINO DE MATERIA (OCLC, RLIN)
Término de materia o nombre geográfico como elemento inicial Migrantes
690 ## - PUNTO DE ACCESO ADICIONAL DE MATERIA LOCAL--TÉRMINO DE MATERIA (OCLC, RLIN)
Término de materia o nombre geográfico como elemento inicial Inmigrantes
9 (RLIN) 6073
690 ## - PUNTO DE ACCESO ADICIONAL DE MATERIA LOCAL--TÉRMINO DE MATERIA (OCLC, RLIN)
Término de materia o nombre geográfico como elemento inicial México
690 ## - PUNTO DE ACCESO ADICIONAL DE MATERIA LOCAL--TÉRMINO DE MATERIA (OCLC, RLIN)
Término de materia o nombre geográfico como elemento inicial Estados Unidos de América
700 1# - ASIENTO SECUNDARIO--NOMBRE DE PERSONAL
Nombre de persona Cortina de Nicolan, Aurora, tr.
905 ## - TIPO DE MATERIAL
Tipo de material UNESCO

No items available.